00472nam a2200133 a 450000100100000000500170001000800410002704000250006808200150009310000340010824501170014226000490025930000300030800002830420200930031526.0110407s1979 dr c 000 0 spa d aDO-SdBNPbspacBNPHU axxxbC334c1 aCasals Victoria, Pedro Manuel10aComentario en torno a la actual recesión y crisis de la economía dominicana /cPedro Manuel Casals Victoria. aSanto Domingo :bImpresos de Calidad,c1979. a35 p. :bretrs. ;c21 cm.